Návrh robotizovaného pracoviska apretácie odliatkov v ZŤS, n. p. Martin : Diplomová práca

Guardado en:
Detalles Bibliográficos
Autor principal: Lúdik, Stanislav (Autor)
Otros Autores: Lauko, Ján (xxx)
Formato: Manuscrito Libro
Lenguaje:eslovaco
Publicado: Trnava : SVŠT v Bratislave StF KMARTP, 1988
Materias:
Etiquetas: Agregar Etiqueta
Sin Etiquetas, Sea el primero en etiquetar este registro!

MARC

LEADER 00000ntm a22000003a 4500
001 stu76111
005 20160719162710.0
008 020617s1988----cs------------------slo-d
040 |a STU  |b slo 
041 0 |a slo 
044 |a cs 
100 1 |a Lúdik, Stanislav  |4 aut 
245 1 |a Návrh robotizovaného pracoviska apretácie odliatkov v ZŤS, n. p. Martin :  |b Diplomová práca 
260 |a Trnava :  |b SVŠT v Bratislave StF KMARTP,  |c 1988 
300 |a 64 s  |c abstr. + príl. 
650 7 |a robotizované pracoviská  |2 stusub 
650 7 |a apretácie odliatkov  |2 stusub 
650 7 |a strojárske technológie  |2 stusub 
700 1 |a Lauko, Ján  |4 xxx 
996 |b 284M036927  |c M*DP-1627  |l MMSKP  |s P  |a 0  |w stu76111_0001